000 00773nam a2200229 a 4500
001 000029978
003 DO-SdBNP
005 20220824104413.0
007 ta
008 110428s1931 dr 000 0 spa d
040 _aDO-SdBNP
_bspa
_cBNPHU
082 _axxxx
_bV635c
111 2 _aConferencia comercial panamericana de Washington. D. C.
_n(4: 5-13 de octubre
_d(1931:
_cWachington )
_956712
245 1 3 _aLa cuarta conferencia comercial panamericana de Washington. D. C. /
_cFederico Llaverías, Felipe A. Vicini.
260 _aSanto Domingo :
_bImprenta La Nación,
_c1931.
300 _a72 p.
_c18 cm.
590 _aInventariado, 2022/ YL
700 1 2 _aVicini, Felipe A.
_956713
700 1 2 _aLlaverías, Federico
_910157
910 _aYLockward
942 _2ddc
_cLBS1
999 _c29470
_d29470